Click Cities in Texas - Extreme! - Statistics

General Stats
  • This quiz has been taken 32 times
  • The average score is 19 of 30
Answers on the Grid
Answers color-coded by a green-red scale on the quiz's grid according to % correct below.
Houston
Dallas
Fort Worth
Arlington
San Antonio
Lubbock
Amarillo
Round Rock
Sugar Land
Tyler
Waco
Killeen
Texarkana
Galveston
Austin
Midland
Odessa
Laredo
McAllen
Harlingen
Allen
Garland
Brownsville
Carrollton
Irving
College Station
Lewisville
Plano
Mesquite
Grand Prairie
Irvine
Baltimore
Seattle
Portland
Alexandria
Shreveport
Baton Rouge
Murfreesboro
Stockton
Beaverton
Meridian
Bozeman
Ann Arbor
Boston
Pittsburgh
Pembroke Pines
Springfield
Jacksonville
Orlando
Little Rock
Tulsa
St. Louis
Kansas City
Indianapolis
Canton
St. George
Denver
Aspen
Grand Island
Sioux Falls
 
Answer Stats
Answer % Correct
Midland
80%
Amarillo
75%
Austin
75%
Fort Worth
75%
Galveston
75%
Killeen
75%
Plano
75%
San Antonio
75%
Dallas
70%
Houston
70%
Laredo
70%
Lubbock
70%
Odessa
70%
Tyler
70%
Waco
70%
Allen
65%
Arlington
65%
Brownsville
65%
College Station
65%
Garland
60%
McAllen
60%
Round Rock
60%
Texarkana
60%
Carrollton
55%
Sugar Land
55%
Grand Prairie
50%
Irving
45%
Mesquite
45%
Harlingen
40%
Lewisville
40%
No matching quizzes found
Score Distribution
Percent of People with Each Score
Percentile by Number Answered
Your Score History
You have not taken this quiz